Quizzes
Events
Quiz Creation
Community
Videos
Private Events
Remove Ads
Sign In
Join for FREE
Feedback
Dark Mode
Quiz Categories
Sports
Geography
Music
Movies
Television
Just For Fun
Miscellaneous
History
Literature
Language
Science
Gaming
Entertainment
Religion
Holiday
For Kids
Quiz Lab
Recent
Popular Today
Quiz Kudos Today
Editor Picks
Curator Picks
Quizzes by...
Day
Popularity
Type
Ratings
Length
Year
Community
Subscriptions
Recent Discussions
Orange Saloon
Badges
Playlists
Quests
Create
Leaderboards
Showdown
Live 5
Trivia Bingo
Activity
Puzzle Library
Sporcle Events
Private Events
Virtual Trivia
Globe League
Become a Host
Pub Owners
SporcleCon
Opinionation
Our Games
Videos
Blog
Mobile Apps
Partnerships
Remove Ads and Go Orange
Feedback
Miscellaneous
Crossword
General Knowledge
Baby Names
Logo
Food
Cars
Numbers
Grab Bag
University
College
Popular
Company
Slogans
Restaurants
Justice
Letter
Miscellaneous
Crossword
General Knowledge
Baby Names
Logo
Food
Cars
Numbers
Grab Bag
University
College
Popular
Company
Slogans
Restaurants
Justice
Letter
Random Quiz
Search Sporcle
×
Quiz Lab
Quiz Lab
Miscellaneous
Type in answers that appear in a list
Type in answers that appear in a list
Classic
Best Score? Go Orange.
Survivors Rol 5 Players Stats
Can you name the Survivors Rol 5 Players?
By
Seegoth
5m
40 Questions
9 Plays
9 Plays
9 Plays
Comments
Comments
Give Quiz Kudos
Give Quiz Kudos
-
- Ratings
hide this ad
Replay
Link that replays current quiz
Next Quiz
Link to next quiz in quiz playlist
You Got
0%
They Got
Avg Score
64%
Avg Friend Score
Upgrade to see
Score Distribution
Jump to the score distribution portion of the page
Score
0/40
Timer
05:00
0
Plays Today
Puesto
Personaje
% Correct
1
Elsa Scarlett
88.9%
1
Lenneth
88.9%
5
Félix
88.9%
8
Nayru
88.9%
9
Colette Brunel
88.9%
12
Lucy Heartphilia
88.9%
13
Leona Heidern
88.9%
40
TK
88.9%
1
Jing Kai
77.8%
7
Misa Amane
77.8%
15
Haku
77.8%
18
Zan
77.8%
20
Irvine Kinneas
77.8%
21
Guzoru&Lala
77.8%
23
Ritz Malheur
77.8%
24
Dixie Kong
77.8%
27
Rita Mordio
77.8%
29
Mitsuko Sôma
77.8%
31
Shadow Link
77.8%
32
Gunpowder
77.8%
Puesto
Personaje
% Correct
1
Terra Branford
66.7%
10
Kamek
66.7%
6
Talim
55.6%
11
Mariko
55.6%
16
Pocoyó
55.6%
22
Mama
55.6%
25
Esquimales Caribeños
55.6%
14
Kazumi Fukuda
44.4%
19
Shermie
44.4%
26
Sai
44.4%
28
Eleanor Abernathy
44.4%
33
Kokoa
44.4%
34
Ton&Son
44.4%
35
Forcystus
44.4%
36
Soröck
44.4%
38
Dhalsim
44.4%
17
Olka
33.3%
37
Kain
33.3%
39
Stuart Tusspot
33.3%
30
Monkey D. Luffy
22.2%
Quiz Playlist
Details
Report
Send in Message
Add To Playlist
Classic:
Type in answers that appear in a list
Last Updated: Feb 16, 2017
Quiz Scoreboard
CHALLENGE
Sign Up to Join the Scoreboard
Show All
Scores
Hide
Comments
May contain spoilers
Recently Published
An Introduction to Baseball
by treessimontrees
Sports
5m
Movies - When Are They Set?
by FPL_Elf
Movies
5m
Popular People in 1961
by mucciniale
History
6m
More to Explore
Quiz From the Vault
Featured Blog Post
Where Did the Easter Bunny Come From?
hide this ad
You Might Also Like...
Tags
This quiz does not have any tags.
Today's Top Quizzes in Miscellaneous
Browse Miscellaneous
hide this ad
Top Contributed Quizzes in Miscellaneous
1
5-to-1: Fast Food
2
The JOE quick-fire general knowledge quiz: Day 173
3
The JOE quick-fire general knowledge quiz: Day 172
4
The JOE quick-fire general knowledge quiz: Day 174
5
One Thing in Common: United Kingdom II
6
Sunday Crossword: Famous Bodies of Water
7
The JOE quick-fire general knowledge quiz: Day 171
8
5-to-1: Cocktails
9
Named After an Animal - Odd One Out!
10
The JOE quick-fire quiz: Day 170
Explore More
Trending Topics
Marvel
Kpop
Anime
NBA
Disney
Crossword
Harry Potter
NFL
Soccer
Country
WWE
Puzzle
The Office
Song
Pokémon
hide this ad
More By:
Seegoth
Quiz
Plays
Rating
Category
Featured
Created
Survivors Rol 2 Players
15
Miscellaneous
Feb 18, 2010
Survivors Rol 4 Players
15
Miscellaneous
Feb 23, 2010
Survivors Rol 5 Players
9
Miscellaneous
Aug 20, 2010
Go to Creator's Profile
Score Distribution
Quiz Creator Spotlight
Seegoth
Follow
Send a Message
Quizzes Created
-
Created Quiz Play Count
-
More By This Creator
Popular Quizzes Today
1
Find the Countries of Europe - No Outlines Minefield
2
Find the US States - No Outlines Minefield
3
The Countries of the World
4
Popular People in 1961
5
US States
6
Find the US States
7
1-10 Letter E Words III
8
Risky Map Clicking: Biggest States A-Z
More Miscellaneous Quizzes
World Wisdom
Quiz Lab
Trending Quizzes
Risky Map Clicking: Least Populous States A-Z
1-10 Letter F Words
1-10 Letter G Words
One Thing in Common: United Kingdom
Risky Map Clicking: Next State Alphabetically
Recently Updated
Leaping Animals
pecheneg
Reality TV Shows (A-Z)
bhenderson79
Rickey Henderson's Hall of Fame Teammates
pecheneg
Champions League XIs: Arsenal
pecheneg
Quick Pick: Celebrities in WWE's Hall of Fame
aduchscher
A-Z Keypad Blitz II
pecheneg
Multiple Oscar Actors
pecheneg
Mystery Phrase Blitz: Oscar 'Best Actors'
pecheneg
F. Scott Fitzgerald Novels
LTH
Pick 3 Villains
ddd62291
Trending Topics
Crossword
Anime
Disney
Kpop
Harry Potter
Marvel
NBA
Country
Puzzle
Soccer
Song
NFL
WWE
Pokémon
The Office
Your Account Isn't Verified!
In order to create a playlist on Sporcle, you need to verify the email address you used during registration. Go to your
Sporcle Settings
to finish the process.
Report this User
Report this user for behavior that violates our
Community Guidelines
.
Details:
Send Report
Go to the Sporcle.com Mobile Site →
Comments